[Event "Weihnachtsopen (A)"]
[Site "Zürich"]
[Date "2010.12.29"]
[Round "5"]
[White "Wagner, Peter"]
[Black "Lustenberger, Josef"]
[Result "0-1"]
[WhiteElo "1784"]
[BlackElo "1883"]
[PlyCount "52"]

1. e4 d5 2. exd5 Nf6 3. Nc3 Nxd5 4. d4 Bf5 5. Nxd5 Qxd5 6. c4 Qe4+ 7. Be3 e5 8.
a3 Nc6 9. d5 O-O-O 10. Nf3 Be7 11. Be2 Bg4 12. O-O (12. Bd3 $18) 12... Bxf3 13.
gxf3 Qh4 14. Qa4 Rxd5 15. Bxa7 Ra5 16. Qc2 Rxa7 17. Qf5+ Kb8 18. Qxf7 Rf8 19.
Qxg7 Qg5+ 20. Qxg5 Bxg5 21. Kg2 Nd4 22. Bd1 Ra6 23. Re1 Bf4 24. h4 Rg8+ 25. Kh3
Rh6 26. Rb1 Nf5 0-1

[Event "Weihnachtsopen (A)"]
[Site "Zürich"]
[Date "2010.12.29"]
[Round "5"]
[White "Bachmann, Maurus"]
[Black "Angst, Markus"]
[Result "0-1"]
[WhiteElo "1867"]
[BlackElo "1795"]
[PlyCount "114"]

1. d4 d5 2. c4 e6 3. Nc3 Nf6 4. Nf3 Nbd7 5. Bg5 c6 6. e3 Qa5 7. Bxf6 Nxf6 8.
Nd2 Be7 9. a3 dxc4 10. Bxc4 Qg5 11. O-O h5 12. Nf3 Qh6 13. Bd3 g5 14. h4 gxh4
15. Nxh4 Bd7 16. g3 O-O-O 17. Qc2 Kb8 18. b4 Ng4 19. Kh1 Bxh4 20. gxh4 Qf6 21.
f3 Qxh4+ 22. Kg1 Nxe3 23. Qh2+ Qxh2+ 24. Kxh2 Nxf1+ 25. Rxf1 Bc8 26. Ne2 e5 27.
Bc4 exd4 28. Bxf7 d3 29. Ng3 h4 30. Ne4 d2 31. Rd1 Bf5 32. Rxd2 Rxd2+ 33. Nxd2
Rd8 34. Nc4 Rd3 35. Kg2 Kc7 36. Kf2 Bc8 37. f4 b5 38. Ne3 Rxa3 39. f5 Bxf5 40.
Nxf5 Ra4 41. Nxh4 Rxb4 42. Ng6 a5 43. Ke3 Kb6 44. Kd3 c5 45. Ne5 Rd4+ 46. Kc3
a4 47. Nf3 Rf4 48. Bd5 b4+ 49. Kb2 c4 50. Ne5 Rf2+ 51. Kb1 c3 52. Nd3 Rf1+ 53.
Kc2 Ka5 54. Nc1 Rf2+ 55. Kb1 b3 56. Nxb3+ axb3 57. Bxb3 Rb2+ 0-1

[Event "Weihnachtsopen (A)"]
[Site "Zürich"]
[Date "2010.12.29"]
[Round "5"]
[White "Glur, Erwin"]
[Black "Bachofner, Stefan"]
[Result "1-0"]
[WhiteElo "1863"]
[BlackElo "1787"]
[PlyCount "61"]

1. e4 d6 2. d4 Nf6 3. Bd3 e5 4. c3 c6 5. Ne2 Nbd7 6. O-O Be7 7. Kh1 O-O 8. f4
Nh5 9. f5 Nhf6 10. Nd2 d5 11. Qc2 dxe4 12. Bxe4 exd4 13. cxd4 Nb6 14. Nf3 Nxe4
15. Qxe4 Bf6 16. Ng3 Nd5 17. Bd2 Kh8 18. Rae1 Bd7 19. Bf4 Bh4 20. Bd6 Bxg3 21.
hxg3 Bxf5 22. Qxf5 Qxd6 23. Ne5 Ne7 24. Qxf7 Qh6+ 25. Kg1 Ng6 26. Qxf8+ Nxf8
27. Nf7+ Kg8 28. Nxh6+ gxh6 29. Re7 Rd8 30. Rxb7 Rxd4 31. Rb8 1-0

[Event "Weihnachtsopen (A)"]
[Site "Zürich"]
[Date "2010.12.29"]
[Round "5"]
[White "Berset, Alan"]
[Black "Brand, Thomas"]
[Result "1-0"]
[WhiteElo "1986"]
[BlackElo "1778"]
[PlyCount "61"]

1. d4 b5 2. c3 Bb7 3. Qb3 a6 4. a4 c6 5. Nf3 e6 6. e4 Nf6 7. e5 Ng8 8. c4 b4 9.
c5 a5 10. Nbd2 Ne7 11. Ne4 Nd5 12. Nfd2 f5 13. Nd6+ Bxd6 14. exd6 Qh4 15. Nf3
Qe4+ 16. Be3 Ba6 17. Bxa6 Nxa6 18. O-O h6 19. Rad1 g5 20. Ne5 f4 21. Bc1 Nxc5
22. Qh3 Nb7 23. Qh5+ Kd8 24. Nf7+ Kc8 25. Nxh8 Nxd6 26. Qg6 Nf5 27. Qe8+ Kb7
28. Qxd7+ Nc7 29. Nf7 Rg8 30. Nd8+ Kb6 31. d5 1-0

[Event "Weihnachtsopen (M)"]
[Site "Zurich"]
[Date "2010.12.29"]
[Round "6"]
[White "Pikula, Dejan"]
[Black "Hirneise, Tobias"]
[Result "1-0"]
[WhiteElo "2533"]
[BlackElo "2427"]
[PlyCount "55"]

1. e4 e5 2. Nf3 Nc6 3. Bc4 Bc5 4. c3 Nf6 5. d3 a6 6. Bb3 Ba7 7. O-O d6 8. h3
O-O 9. Re1 Ne7 10. Nbd2 Ng6 11. Nf1 Be6 12. Ng3 Re8 13. d4 Bxb3 14. Qxb3 Rb8
15. Be3 exd4 16. Bxd4 Bxd4 17. cxd4 c6 18. e5 dxe5 19. dxe5 Nd5 20. Re4 Qd7 21.
Rae1 Re7 22. Qd3 Rbe8 23. Ng5 h6 24. Nf3 Ndf4 25. Qc2 Qd3 26. Qc1 Nd5 27. Rd4
Qb5 28. Nf5 {Diagramm #} 1-0

[Event "Weihnachtsopen (M)"]
[Site "Zurich"]
[Date "2010.12.29"]
[Round "6"]
[White "Klauser, Markus"]
[Black "Rindlisbacher, Lars"]
[Result "1-0"]
[WhiteElo "2372"]
[BlackElo "2172"]
[PlyCount "47"]

1. e4 e5 2. Nf3 Nc6 3. Nc3 Nf6 4. g3 Bc5 5. Bg2 a6 6. Nxe5 Bxf2+ 7. Kxf2 Nxe5
8. d4 Neg4+ 9. Kg1 h5 10. e5 Ng8 11. h3 N4h6 12. Ne4 Ne7 13. Bf4 Nhf5 14. Qd2
d5 15. exd6 Nxd6 16. Nxd6+ cxd6 17. Qb4 d5 18. Bd6 Be6 19. Re1 Nf5 20. Bc5 Qd7
21. c4 O-O-O 22. Ba7 Ne7 23. cxd5 Nxd5 24. Rc1+ 1-0

[Event "Weihnachtsopen (M)"]
[Site "Zurich"]
[Date "2010.12.29"]
[Round "6"]
[White "Grandadam, Patrik"]
[Black "Troyke, Christian"]
[Result "1-0"]
[WhiteElo "2189"]
[BlackElo "2371"]
[PlyCount "83"]

1. d4 Nf6 2. c4 g6 3. Nc3 Bg7 4. e4 d6 5. Be2 O-O 6. Nf3 c5 7. O-O cxd4 8. Nxd4
Nc6 9. Be3 Bd7 10. Rc1 Nxd4 11. Bxd4 Bc6 12. f3 a5 13. b3 Bh6 14. Rc2 Nd7 15.
Nd5 Nc5 16. Be3 Bxe3+ 17. Nxe3 Qb6 18. Qd2 Ne6 19. Kh1 Rfc8 20. Re1 Qd4 21. Bf1
Qf6 22. Rec1 h5 23. a3 Nd4 24. Rc3 a4 25. bxa4 e5 26. Nd5 Qd8 27. Rb1 Bxd5 28.
cxd5 Rxc3 29. Qxc3 Rc8 30. Qb4 Rc2 31. Bd3 Ra2 32. Bc4 Rc2 33. Bd3 Ra2 34. Bc4
Rf2 35. Qxb7 Qh4 36. Qc8+ Kg7 37. Rb8 Kh6 38. Qf8+ Kg5 39. Qxf7 Nxf3 40. Qe7+
Kf4 41. Rf8+ Ke3 42. Rxf3+ 1-0

[Event "Weihnachtsopen (M)"]
[Site "Zurich"]
[Date "2010.12.30"]
[Round "7"]
[White "Meier, Georg"]
[Black "Rindlisbacher, Jan"]
[Result "1-0"]
[WhiteElo "2656"]
[BlackElo "2155"]
[PlyCount "69"]

1. e4 e5 2. Nf3 Nc6 3. Bb5 a6 4. Bxc6 dxc6 5. O-O Qd6 6. Na3 Be6 7. Qe2 f6 8.
d4 Bg4 9. dxe5 fxe5 10. h3 Bxf3 11. Qxf3 Qf6 12. Qh5+ g6 13. Qg4 Nh6 14. Qg3
Nf7 15. Nc4 Bd6 16. Qb3 b5 17. Nxd6+ Nxd6 18. a4 Nc4 19. Qc3 O-O 20. b3 Nb6 21.
Bb2 bxa4 22. Qxe5 Qxe5 23. Bxe5 Rac8 24. f3 Nd7 25. Bg3 axb3 26. cxb3 Nc5 27.
Rfb1 Rb8 28. Bxc7 Nxb3 29. Rxa6 Rbc8 30. Bd6 Rfd8 31. Rxb3 Rxd6 32. Rb7 h5 33.
Kh2 Rf6 34. Raa7 h4 35. Re7 1-0

[Event "Weihnachtsopen (M)"]
[Site "Zurich"]
[Date "2010.12.30"]
[Round "7"]
[White "Hamdouchi, Hicham"]
[Black "Pikula, Dejan"]
[Result "1-0"]
[WhiteElo "2591"]
[BlackElo "2533"]
[PlyCount "95"]

1. e4 d6 2. Bc4 Nf6 3. d3 g6 4. Bb3 Bg7 5. f4 c5 6. Nf3 Nc6 7. O-O O-O 8. Qe1
d5 9. e5 Ne8 10. c3 Bf5 11. Qe2 Nc7 12. Be3 d4 13. cxd4 cxd4 14. Bd2 Qd7 15.
Na3 Nd5 16. Nc2 Nc7 17. Ng5 a5 18. a4 h6 19. Ne4 Na6 20. Bc4 Be6 21. Na3 Rfe8
22. Rae1 Bd5 23. Bxd5 Qxd5 24. Nc4 Rad8 25. Qf3 Rf8 26. Qh3 f5 27. exf6 exf6
28. f5 g5 29. Qf3 Rf7 30. h4 Nc7 31. Re2 Bf8 32. hxg5 hxg5 33. Qh5 Be7 34. Bxg5
{Diagramm #} Rh7 35. Qg4 Rg7 36. Qf4 Ne8 37. Bh6 Rh7 38. Rf3 Kh8 39. Rh3 Nb4
40. b3 b5 41. axb5 Qxb5 42. Qg4 Qd5 43. Nf2 Qf7 44. Qg6 Nd5 45. Re4 Bb4 46.
Reh4 Qxg6 47. fxg6 Re7 48. Bf8+ 1-0

[Event "Weihnachtsopen (M)"]
[Site "Zurich"]
[Date "2010.12.30"]
[Round "7"]
[White "Gagunashvili, Merab"]
[Black "Gloor, Roger"]
[Result "1-0"]
[WhiteElo "2619"]
[BlackElo "2221"]
[PlyCount "75"]

1. d4 Nf6 2. c4 g6 3. Nf3 Bg7 4. Nc3 O-O 5. Bg5 c5 6. d5 h6 7. Bf4 Nh5 8. Bd2
d6 9. Qc1 Kh7 10. e4 e5 11. Bd3 f5 12. Qc2 f4 13. Be2 Bg4 14. h3 Bd7 15. O-O-O
Na6 16. Rdg1 Bf6 17. Ne1 Ng7 18. Nf3 Nh5 19. g3 fxg3 20. fxg3 Bg7 21. Qd1 Nc7
22. Nh2 Nf6 23. g4 b5 24. cxb5 Rb8 25. g5 hxg5 26. Nf3 Bxb5 27. Nxg5+ Kg8 28.
Bxb5 Nxb5 29. Ne6 Qb6 30. Rxg6 Nd4 31. Rxg7+ Kh8 32. Na4 Qb5 33. Rg2 Qc4+ 34.
Nc3 Rxb2 35. Kxb2 Rb8+ 36. Ka1 Qd3 37. Nxd4 cxd4 38. Qf1 1-0

[Event "Weihnachtsopen (M)"]
[Site "Zurich"]
[Date "2010.12.30"]
[Round "7"]
[White "Stojanovic, Mihajlo"]
[Black "Grandadam, Patrik"]
[Result "1-0"]
[WhiteElo "2582"]
[BlackElo "2189"]
[PlyCount "75"]

1. Nf3 d5 2. d4 e6 3. c4 Nf6 4. g3 dxc4 5. Bg2 a6 6. Ne5 Bb4+ 7. Nc3 Nd5 8. Bd2
b5 9. O-O c6 10. Nxd5 Bxd2 11. Nxc6 Nxc6 12. Nf6+ Ke7 13. Bxc6 Rb8 14. Qxd2
gxf6 15. a4 Bb7 16. axb5 Bxc6 17. bxc6 Qb6 18. d5 Rhd8 19. Rxa6 Qxa6 20. c7 Qb6
21. cxd8=Q+ Rxd8 22. e4 Rb8 23. dxe6 fxe6 24. Qh6 Qd4 25. Ra1 Rxb2 26. Qxh7+
Kd6 27. Ra6+ Ke5 28. Qc7+ Kxe4 29. Qf4+ Kd3 30. Rd6 e5 31. Qe3+ Kc2 32. Rxd4
exd4 33. Qxd4 c3 34. Kf1 Kb3 35. Qd5+ Ka3 36. Qc4 Rb3 37. Ke1 Kb2 38. Kd1 1-0

[Event "Weihnachtsopen (M)"]
[Site "Zurich"]
[Date "2010.12.30"]
[Round "7"]
[White "Knoedler, Dieter"]
[Black "Antognini, Francesco"]
[Result "1-0"]
[WhiteElo "2342"]
[BlackElo "2236"]
[PlyCount "105"]

1. c4 c5 2. g3 Nc6 3. Bg2 g6 4. Nc3 Bg7 5. Nf3 e5 6. a3 Nge7 7. Rb1 a5 8. O-O
O-O 9. Ne1 d6 10. Nc2 Be6 11. Ne3 Rb8 12. d3 Nd4 13. Ned5 Nxd5 14. cxd5 Bd7 15.
a4 b5 16. e3 Nf5 17. axb5 Bxb5 18. Nxb5 Rxb5 19. Bd2 Ne7 20. Bc3 Qb6 21. Ra1 f5
22. Ra4 Kh8 23. Qd2 g5 24. e4 f4 25. Qe2 Ng6 26. Qh5 Qd8 27. Bh3 Rf6 28. Bf5
Nf8 29. Qxg5 Bh6 30. Qh4 Kg7 31. Rfa1 Ng6 32. Qg4 Rf7 33. Bxa5 Qb8 34. Bc3 fxg3
35. hxg3 Qd8 36. Kg2 Qg5 37. Ra6 Rxf5 38. Qxg5 Rxg5 39. Rxd6 Rb7 40. Kf1 Kf7
41. Ke2 Bf8 42. Rc6 h5 43. Raa6 Be7 44. d6 Bd8 45. Rxc5 h4 46. Rc8 Rd7 47. gxh4
Nxh4 48. d4 exd4 49. Bxd4 Rb5 50. f4 Rb4 51. Kd3 Nf3 52. Bc3 Rb6 53. Rxd8 1-0

[Event "Weihnachtsopen (M)"]
[Site "Zurich"]
[Date "2010.12.30"]
[Round "7"]
[White "Holm, Kristian Stuvik"]
[Black "Gaehler, Marco"]
[Result "1-0"]
[WhiteElo "2183"]
[BlackElo "2319"]
[PlyCount "47"]

1. d4 d6 2. c4 Nd7 3. Nc3 e5 4. Nf3 Ngf6 5. e4 Be7 6. Be2 c6 7. O-O O-O 8. Re1
Qc7 9. Bf1 Re8 10. Rb1 a6 11. b4 b5 12. a4 bxc4 13. Bxc4 Nb6 14. Bxf7+ {
Diagramm #} Kxf7 15. a5 Nbd7 16. Qb3+ d5 17. Ng5+ Kg6 18. exd5 cxd5 19. Nxd5
Qc6 20. Qd3+ e4 21. Rxe4 Nc5 22. Nf4+ Kxg5 23. Re5+ Kh6 24. Ne6+ 1-0

[Event "Weihnachtsopen (M)"]
[Site "Zurich"]
[Date "2010.12.30"]
[Round "7"]
[White "Friedrich, Norbert"]
[Black "Ross, Chris"]
[Result "1/2-1/2"]
[WhiteElo "2320"]
[BlackElo "2223"]
[PlyCount "81"]

1. e4 c5 2. Nf3 e6 3. d4 cxd4 4. Nxd4 Nc6 5. Nb5 d6 6. c4 Nf6 7. N1c3 a6 8. Na3
Be7 9. Be2 O-O 10. O-O b6 11. Be3 Bb7 12. Rc1 Ne5 13. Qd4 Rb8 14. Rfd1 Bc6 15.
f3 Ned7 16. Qd2 Rc8 17. Kh1 Rc7 18. Qe1 Qb8 19. b4 Ba8 20. Nab1 Rfc8 21. Na4 b5
22. cxb5 Rxc1 23. Rxc1 Rxc1 24. Qxc1 axb5 25. Nac3 d5 26. exd5 Nxd5 27. Nxd5
Bxd5 28. Nc3 Bc6 29. a4 bxa4 30. b5 Bb7 31. Nxa4 Qe5 32. Bf1 Bd6 33. Bg1 h5 34.
Nb2 Ba3 35. Qd2 Qd5 36. Qxd5 Bxd5 37. Nc4 Bc5 38. Na5 Bb6 39. Nc6 Kf8 40. Nb4
Bb7 41. Bxb6 1/2-1/2

[Event "Weihnachtsopen (M)"]
[Site "Zurich"]
[Date "2010.12.30"]
[Round "7"]
[White "Milosevic, Gligor"]
[Black "Botta, Gabriele"]
[Result "0-1"]
[WhiteElo "2091"]
[BlackElo "2270"]
[PlyCount "120"]

1. e4 c6 2. Nf3 d5 3. exd5 cxd5 4. Ne5 Nf6 5. d4 e6 6. c3 Be7 7. Bd3 O-O 8. Nd2
Nfd7 9. f4 f5 10. O-O Nxe5 11. fxe5 Bd7 12. Kh1 Kh8 13. g4 g6 14. gxf5 gxf5 15.
Nf3 Rg8 16. Rg1 Nc6 17. Be3 Rxg1+ 18. Qxg1 Qg8 19. Qf2 Qf7 20. Rg1 Rg8 21. Ng5
Qg6 22. Rg3 h6 23. Nh3 Qh7 24. Qf4 Rxg3 25. Qxg3 Qg7 26. Qf4 Kh7 27. Be2 Be8
28. b3 Nd8 29. Qg3 Qxg3 30. hxg3 Kg7 31. Kg2 Nf7 32. Kf2 Ng5 33. Bxg5 hxg5 34.
c4 dxc4 35. bxc4 Bc6 36. g4 Kg6 37. Bd3 Ba3 38. d5 exd5 39. gxf5+ Kh5 40. f6
Kg4 41. Ng1 dxc4 42. Bxc4 Bc5+ 43. Kf1 Kf5 44. f7 Kxe5 45. Nh3 Kf6 46. Nf2 b5
47. Bb3 Ke7 48. Ng4 Bd4 49. Nh6 Be4 50. Ke2 a5 51. Ng4 a4 52. Be6 Bg7 53. Nf2
Bc6 54. Bf5 Kxf7 55. Be4 Bd7 56. Bd3 g4 57. Ne4 b4 58. Kf2 Be5 59. Bc4+ Ke7 60.
Ng3 Be6 0-1

[Event "Weihnachtsopen (M)"]
[Site "Zurich"]
[Date "2010.12.30"]
[Round "7"]
[White "Zude, Arno"]
[Black "Studer, Noel"]
[Result "1-0"]
[WhiteElo "2470"]
[BlackElo "2052"]
[PlyCount "85"]

1. e4 e6 2. d4 d5 3. Nc3 Nf6 4. e5 Nfd7 5. f4 c5 6. Nf3 Nc6 7. Be3 a6 8. Qd2 b5
9. Be2 Qb6 10. Nd1 b4 11. c3 a5 12. O-O Ba6 13. Bxa6 Rxa6 14. Bf2 Be7 15. f5
O-O 16. Ne3 a4 17. Ng4 Kh8 18. f6 gxf6 19. exf6 Nxf6 20. dxc5 Qd8 21. Nxf6 Bxf6
22. cxb4 Ra8 23. b5 Na5 24. Bd4 Nc4 25. Qc3 Bxd4+ 26. Nxd4 e5 27. b3 Na3 28.
Nf5 f6 29. Nd6 Qd7 30. Qd3 Qg4 31. h3 Qb4 32. Rac1 axb3 33. axb3 Ra5 34. Qxd5
Ra7 35. b6 Rg7 36. Nf5 Rg6 37. b7 Nb5 38. Ne7 Nd4 39. Nxg6+ hxg6 40. Qxe5 fxe5
41. Rxf8+ Kg7 42. b8=Q Ne2+ 43. Kh2 1-0

[Event "Weihnachtsopen (M)"]
[Site "Zurich"]
[Date "2010.12.30"]
[Round "7"]
[White "Muheim, Sebastian"]
[Black "Moor, Oliver"]
[Result "0-1"]
[WhiteElo "2175"]
[BlackElo "2428"]
[PlyCount "74"]

1. e4 e6 2. d4 d5 3. Bd3 dxe4 4. Bxe4 Nf6 5. Bf3 Nbd7 6. Ne2 e5 7. Ng3 exd4 8.
O-O Nc5 9. Qe2+ Be7 10. Re1 c6 11. b3 Be6 12. Bb2 d3 13. cxd3 Qxd3 14. Qe5 O-O
15. Ne4 Ncxe4 16. Bxe4 Qd6 17. Qxd6 Bxd6 18. Bxf6 gxf6 19. Nc3 Be5 20. Rac1
Rad8 21. Na4 Rd2 22. Rc2 Rfd8 23. Kf1 Rxc2 24. Bxc2 Rd2 25. Re2 Rxe2 26. Kxe2
Bd4 27. f4 c5 28. Kd3 Bf5+ 29. Kd2 Bxc2 30. Kxc2 b5 31. Nc3 Bxc3 32. Kxc3 Kf8
33. Kd3 Ke7 34. Ke4 Ke6 35. f5+ Kd6 36. g4 a5 37. h4 h6 0-1

[Event "Weihnachtsopen (M)"]
[Site "Zurich"]
[Date "2010.12.30"]
[Round "7"]
[White "Grandadam, Nicolas"]
[Black "Kessler, Luca"]
[Result "1-0"]
[WhiteElo "2271"]
[BlackElo "2098"]
[PlyCount "79"]

1. Nf3 c5 2. c4 Nc6 3. d4 cxd4 4. Nxd4 g6 5. e4 Bg7 6. Be3 Nf6 7. Nc3 O-O 8.
Be2 d6 9. O-O Nd7 10. Rc1 Nc5 11. Qd2 Bd7 12. Rfd1 Nxd4 13. Bxd4 Bc6 14. Bxg7
Kxg7 15. b4 Ne6 16. Qb2 Kg8 17. c5 Nf4 18. Bf1 a6 19. a4 b5 20. axb5 Bxb5 21.
Bxb5 axb5 22. g3 Ne6 23. cxd6 exd6 24. e5 Qg5 25. exd6 Qf6 26. Rc2 Rab8 27. Nd5
Qxb2 28. Rxb2 Kg7 29. Ra2 Rfd8 30. Ra6 Ra8 31. Rxa8 Rxa8 32. Nc7 Nxc7 33. dxc7
Rc8 34. Rc1 Kf6 35. Kg2 Ke7 36. Kf3 Kd7 37. Ke4 Re8+ 38. Kd5 Kc8 39. Kc6 Re7
40. Kxb5 1-0

[Event "Weihnachtsopen (M)"]
[Site "Zurich"]
[Date "2010.12.30"]
[Round "7"]
[White "Bhend, Edwin"]
[Black "Aeschbach, Philipp"]
[Result "1-0"]
[WhiteElo "2260"]
[BlackElo "1964"]
[PlyCount "77"]

1. d4 d5 2. Nc3 Nf6 3. Bg5 Nbd7 4. e3 c6 5. Bd3 Qa5 6. Qd2 e6 7. Nge2 Bd6 8. f4
c5 9. Bxf6 gxf6 10. Nb5 Qxd2+ 11. Kxd2 Bb8 12. dxc5 Nxc5 13. b4 Nxd3 14. cxd3
Bd7 15. Nbc3 Bd6 16. Rab1 b5 17. Nd4 a6 18. a3 e5 19. Nde2 Be6 20. d4 h5 21.
Rhf1 exd4 22. Nxd4 f5 23. Nce2 h4 24. Rbc1 Kd7 25. Nb3 Rhc8 26. Ned4 Rxc1 27.
Rxc1 Rg8 28. Rg1 Rc8 29. Nf3 Be7 30. Ne5+ Kd6 31. Nc5 Bf6 32. Nf3 Bb2 33. Nd4
Rxc5 34. bxc5+ Kxc5 35. Nc2 Kc4 36. h3 a5 37. g3 Bf6 38. gxh4 Bxh4 39. Nd4 1-0

[Event "Weihnachtsopen (M)"]
[Site "Zurich"]
[Date "2010.12.30"]
[Round "7"]
[White "Sprenger, Manuel"]
[Black "Bous, Florian"]
[Result "0-1"]
[WhiteElo "2035"]
[BlackElo "2092"]
[PlyCount "52"]

1. e4 e5 2. f4 exf4 3. Nf3 g5 4. Bc4 g4 5. O-O gxf3 6. Qxf3 Qf6 7. d3 Bh6 8.
Nc3 Ne7 9. Bxf4 Bxf4 10. Qxf4 Qxf4 11. Rxf4 Nbc6 12. Raf1 d6 13. Bxf7+ Kd8 14.
Bh5 Be6 15. Nb5 a6 16. Rf6 axb5 17. Rxe6 Ne5 18. d4 N5g6 19. Rf7 Rxa2 20. h4
Rg8 21. g3 Rxb2 22. Bg4 Rxc2 23. h5 Nf8 24. Rexe7 Rxg4 25. e5 Rxg3+ 26. Kf1
Rf3+ 0-1

[Event "Weihnachtsopen (A)"]
[Site "?"]
[Date "2010.12.30"]
[Round "7"]
[White "Welch, Andreas"]
[Black "Stucki, Ramon"]
[Result "0-1"]
[WhiteElo "1969"]
[BlackElo "1965"]
[PlyCount "85"]
[EventDate "2011.01.01"]

1. c4 e5 2. g3 Nc6 3. Bg2 f5 4. d3 Nf6 5. Nc3 d6 6. e4 fxe4 7. dxe4 Be6 8. b3
Be7 9. Nge2 O-O 10. O-O Qd7 11. Nd5 Bd8 12. f4 Bh3 13. Nxf6+ Bxf6 14. f5 Bxg2
15. Kxg2 Nd4 16. Be3 Qc6 17. Nc3 b5 18. Rc1 bxc4 19. Nd5 Qb7 20. Rxc4 c5 21. g4
a5 22. g5 Bd8 23. Qg4 Qd7 24. Qh5 Ra7 25. g6 h6 26. f6 Bxf6 27. Bxh6 gxh6 28.
Nxf6+ Rxf6 29. Rxf6 Qc6 30. Rxd4 cxd4 31. Qf5 Qe8 32. Rxd6 Rc7 33. Rd5 Rg7 34.
Rxe5 Rxg6+ 35. Kf3 Qc6 36. Rc5 Qb6 37. Rc8+ Kh7 38. Qf7+ Rg7 39. Qf5+ Rg6 40.
Rf8 $18 Qc6 {Diagramm #} 41. Qc8 $4 Rf6+ 42. Ke2 Qxe4+ 43. Kd1 0-1

[Event "Weihnachtsopen (A)"]
[Site "?"]
[Date "2010.12.30"]
[Round "7"]
[White "Pogan, Sebatian"]
[Black "Neuberger, Marco"]
[Result "0-1"]
[WhiteElo "1947"]
[BlackElo "1962"]
[PlyCount "56"]
[EventDate "2011.01.01"]

1. d4 f5 2. c4 Nf6 3. Nc3 g6 4. f3 Bg7 5. e4 fxe4 6. fxe4 d6 7. Nf3 O-O 8. Bg5
Nbd7 9. Qd2 c5 10. e5 cxd4 11. exf6 exf6 12. Nxd4 fxg5 13. O-O-O Nc5 14. b4 Be5
15. g3 Ne6 16. Nxe6 Bxe6 17. Ne4 Qc7 18. c5 dxc5 19. bxc5 b6 20. h4 Rad8 21.
Bd3 gxh4 22. Rxh4 Bf5 23. Bc4+ Kh8 24. Qg2 Rxd1+ 25. Kxd1 Bxe4 26. Qxe4 Qxc5
27. Qh1 Rd8+ 28. Ke2 Qe7 0-1

[Event "Weihnachtsopen (A)"]
[Site "?"]
[Date "2010.12.30"]
[Round "7"]
[White "Stucki, Kaspar"]
[Black "Arcuti, Davide"]
[Result "0-1"]
[WhiteElo "1958"]
[BlackElo "1790"]
[PlyCount "126"]
[EventDate "2011.01.01"]

1. e4 e6 2. d4 d5 3. exd5 exd5 4. Bd3 Nc6 5. c3 Bd6 6. Qf3 Be6 7. Ne2 Qf6 8.
Qxf6 Nxf6 9. Bf4 Bxf4 10. Nxf4 O-O-O 11. Nd2 g5 12. Nxe6 fxe6 13. O-O-O Ng4 14.
Rdf1 Kd7 15. h3 Nh6 16. Re1 Nf5 17. Nf3 h6 18. Bxf5 exf5 19. Ne5+ Nxe5 20. Rxe5
Kd6 21. Rxf5 Rhf8 22. Rxf8 Rxf8 23. f3 b6 24. Kd2 c5 25. dxc5+ bxc5 26. b4 cxb4
27. cxb4 Ke5 28. Rc1 Kf4 29. Kd3 Rf6 30. Kd4 Kg3 31. Rc2 Rf4+ 32. Kc5 d4 33. a4
d3 34. Rb2 Rf8 35. Kd4 Rd8+ 36. Ke3 h5 37. b5 Rd5 38. Rd2 Rd7 39. Ke4 h4 40.
Kf5 Rd5+ 41. Kf6 Kf4 42. Ke6 Rd8 43. a5 Ke3 44. Rd1 Ke2 45. Rb1 d2 46. b6 axb6
47. axb6 d1=Q 48. Rxd1 Rxd1 49. Kf6 Rd5 50. b7 Rb5 51. b8=Q Rxb8 52. Kxg5 Rg8+
53. Kxh4 Rxg2 54. f4 Ke3 55. f5 Ke4 56. f6 Ke5 57. f7 Rf2 58. Kg5 Rxf7 59. Kg6
Ke6 60. h4 Ke7 61. h5 Kf8 62. h6 Kg8 63. h7+ Rxh7 0-1